| 000 | 02332cam a22004934i 4500 | ||
|---|---|---|---|
| 003 | PE-LiUPU | ||
| 005 | 20250731173248.0 | ||
| 008 | 150824s1993 sp a rb 000 0 d | ||
| 020 | _a847151897X | ||
| 020 | _a9788471518972 | ||
| 035 | _a(Sirsi) i9788471518972 | ||
| 040 |
_aPE-LiUPU _bspa _cPE-LiUPU _erda |
||
| 082 | 0 | 4 |
_a280.07 _bB75 _221 |
| 100 | 1 |
_aBosch, Juan, _eautor. |
|
| 245 | 1 | 0 |
_aPara conocer las sectas / _cJuan Bosch. |
| 264 | 1 |
_aEstella : _bVerbo Divino, _c1993. |
|
| 336 |
_atext _2rdacontent |
||
| 337 |
_aunmediated _2rdamedia |
||
| 338 |
_avolume _2rdacarrier |
||
| 490 | 0 | _aPara leer, comprender, vivir | |
| 504 | _aBibliografía : páginas 237-246. | ||
| 505 | 0 | _aLa difícil cuentión de la terminología -- ¿Por qué tantas sectas? -- Tipología de las sectas y NMR -- La actividad de las sectas y NMR -- El diálogo con las sectas -- Las sectas y NMR en España -- Las sectas y NMR en América Latina -- La pastoral ante las sectas -- Para seguir reflexionando -- Bibliografía -- Documentos. | |
| 526 | _aSEG42 | ||
| 526 | _aSEG41 | ||
| 526 | _aSEG40 | ||
| 526 | _aSEG39 | ||
| 526 | _aP94 | ||
| 526 | _aP87 | ||
| 526 | _aP86 | ||
| 526 | _aP85 | ||
| 526 | _aP77 | ||
| 526 | _aP76 | ||
| 526 | _aP35 | ||
| 910 |
_aaaas _bjck _caas _d20150824 |
||
| 942 |
_2ddc _cBOOK |
||
| 949 |
_a280.07 B75 _wDEWEY _c1 _i38572 _lCCODEBUL1 _mBUL _r0 _sY _tBOOK _u2015-6-25 _xTEOLOGIA _zUNKNOWN _0COMPRA _o.CIRCNOTE. No olvidar cambiar la fecha de devolución!!!!!!! _o.STAFF. Colección General |
||
| 949 |
_aPGT 280.07 B75 _wDEWEY _c1 _i71751 _lCCODEBUL1 _mBUL _p33.00 _r0 _sY _tBOOK _u2015-8-24 _xTEOLOGIA _PP85 _0COMPRA _o.CIRCNOTE. No olvidar cambiar la fecha de devolución!!!!!!! _o.STAFF. Posgrado |
||
| 994 |
_aC0 _bPEPRU |
||
| 596 | _a1 | ||
| 999 |
_a280.07 B75 _wDEWEY _c43463 _i38572 _d43463 _f2021-11-11 _g5 _lCCODEBUL1 _mBUL _q1 _r0 _sY _tBOOK _u2015-6-25 _xTEOLOGIA _zUNKNOWN _0COMPRA _o.CIRCNOTE. No olvidar cambiar la fecha de devolución!!!!!!! _o.STAFF. Colección General |
||
| 999 |
_aPGT 280.07 B75 _wDEWEY _c1 _i71751 _d2022-7-15 _f2021-11-11 _g5 _lCCODEBUL1 _mBUL _p33.00 _q3 _r0 _sY _tBOOK _u2015-8-24 _xTEOLOGIA _PP85 _0COMPRA _o.CIRCNOTE. No olvidar cambiar la fecha de devolución!!!!!!! _o.STAFF. Posgrado |
||
| 980 |
_81 _gALBERTO SANCHEZ Responsable de Automatización |
||